<?xml version="1.0" encoding="UTF-8"?>
<collection xmlns="http://www.loc.gov/MARC21/slim">
<record>
  <controlfield tag="001">2309883</controlfield>
  <controlfield tag="005">20180628164525.0</controlfield>
  <datafield tag="024" ind1="8" ind2=" ">
    <subfield code="a">oai:cds.cern.ch:2309883</subfield>
    <subfield code="p">cerncds:FULLTEXT</subfield>
  </datafield>
  <datafield tag="037" ind1=" " ind2=" ">
    <subfield code="a">CERN-PHOTO-201803-075</subfield>
  </datafield>
  <datafield tag="100" ind1=" " ind2=" ">
    <subfield code="a">Brice, Maximilien</subfield>
    <subfield code="0">AUTHOR|(CDS)2070299</subfield>
    <subfield code="0">AUTHOR|(SzGeCERN)582709</subfield>
    <subfield code="u">CERN</subfield>
    <subfield code="m">Maximilien.Brice@cern.ch</subfield>
  </datafield>
  <datafield tag="245" ind1=" " ind2=" ">
    <subfield code="a">Portrait of Jeff Hangst</subfield>
  </datafield>
  <datafield tag="260" ind1=" " ind2=" ">
    <subfield code="c">2018</subfield>
  </datafield>
  <datafield tag="269" ind1=" " ind2=" ">
    <subfield code="a">Geneva</subfield>
    <subfield code="b">CERN</subfield>
    <subfield code="c">2018-03-21</subfield>
  </datafield>
  <datafield tag="500" ind1=" " ind2=" ">
    <subfield code="a">General Photo</subfield>
  </datafield>
  <datafield tag="506" ind1=" " ind2=" ">
    <subfield code="a">public</subfield>
  </datafield>
  <datafield tag="520" ind1=" " ind2=" ">
    <subfield code="a">Portrait of Jeff Hangst, spokesperson of the Alpha collaboration at CERN's Antimatter Factory</subfield>
  </datafield>
  <datafield tag="542" ind1=" " ind2=" ">
    <subfield code="d">CERN</subfield>
    <subfield code="g">2018</subfield>
  </datafield>
  <datafield tag="595" ind1=" " ind2=" ">
    <subfield code="a">CERN EDS</subfield>
    <subfield code="s">PHOTOLAB</subfield>
  </datafield>
  <datafield tag="595" ind1=" " ind2=" ">
    <subfield code="a">Press</subfield>
    <subfield code="s">Press Photos</subfield>
  </datafield>
  <datafield tag="595" ind1=" " ind2=" ">
    <subfield code="a">Press</subfield>
    <subfield code="s">Antimatter</subfield>
  </datafield>
  <datafield tag="650" ind1="2" ind2="7">
    <subfield code="2">SzGeCERN</subfield>
    <subfield code="a">Personalities and History of CERN</subfield>
  </datafield>
  <datafield tag="650" ind1="1" ind2="7">
    <subfield code="2">SzGeCERN</subfield>
    <subfield code="a">Photolab</subfield>
  </datafield>
  <datafield tag="653" ind1="1" ind2=" ">
    <subfield code="a">ALPHA</subfield>
    <subfield code="9">CERN</subfield>
  </datafield>
  <datafield tag="653" ind1="1" ind2=" ">
    <subfield code="a">Portrait</subfield>
    <subfield code="9">CERN</subfield>
  </datafield>
  <datafield tag="653" ind1="1" ind2=" ">
    <subfield code="a">Antiproton Decelerator</subfield>
    <subfield code="9">CERN</subfield>
  </datafield>
  <datafield tag="653" ind1="1" ind2=" ">
    <subfield code="a">Antimatter factory</subfield>
    <subfield code="9">CERN</subfield>
  </datafield>
  <datafield tag="653" ind1="1" ind2=" ">
    <subfield code="a">antihydrogen</subfield>
    <subfield code="9">CERN</subfield>
  </datafield>
  <datafield tag="690" ind1="C" ind2=" ">
    <subfield code="a">CERN</subfield>
  </datafield>
  <datafield tag="690" ind1="C" ind2=" ">
    <subfield code="a">PHOTO</subfield>
  </datafield>
  <datafield tag="700" ind1=" " ind2=" ">
    <subfield code="a">Ordan, Julien Marius</subfield>
    <subfield code="0">AUTHOR|(CDS)2094367</subfield>
    <subfield code="0">AUTHOR|(SzGeCERN)763679</subfield>
    <subfield code="u">CERN</subfield>
    <subfield code="m">julien.ordan@cern.ch</subfield>
  </datafield>
  <datafield tag="856" ind1="4" ind2=" ">
    <subfield code="8">1392808</subfield>
    <subfield code="s">36140270</subfield>
    <subfield code="u">http://cds.cern.ch/record/2309883/files/201803-075_01.jpg</subfield>
  </datafield>
  <datafield tag="856" ind1="4" ind2=" ">
    <subfield code="8">1392809</subfield>
    <subfield code="s">26284737</subfield>
    <subfield code="u">http://cds.cern.ch/record/2309883/files/201803-075_02.jpg</subfield>
  </datafield>
  <datafield tag="856" ind1="4" ind2=" ">
    <subfield code="8">1392810</subfield>
    <subfield code="s">29453508</subfield>
    <subfield code="u">http://cds.cern.ch/record/2309883/files/201803-075_03.jpg</subfield>
  </datafield>
  <datafield tag="856" ind1="4" ind2=" ">
    <subfield code="8">1392811</subfield>
    <subfield code="s">34663846</subfield>
    <subfield code="u">http://cds.cern.ch/record/2309883/files/201803-075_04.jpg</subfield>
  </datafield>
  <datafield tag="856" ind1="4" ind2=" ">
    <subfield code="8">1392812</subfield>
    <subfield code="s">41796004</subfield>
    <subfield code="u">http://cds.cern.ch/record/2309883/files/201803-075_05.jpg</subfield>
  </datafield>
  <datafield tag="856" ind1="4" ind2=" ">
    <subfield code="8">1392813</subfield>
    <subfield code="s">41849457</subfield>
    <subfield code="u">http://cds.cern.ch/record/2309883/files/201803-075_06.jpg</subfield>
  </datafield>
  <datafield tag="856" ind1="4" ind2=" ">
    <subfield code="8">1392808</subfield>
    <subfield code="s">1067990</subfield>
    <subfield code="u">http://cds.cern.ch/record/2309883/files/201803-075_01.jpg?subformat=icon-1440</subfield>
    <subfield code="x">icon-1440</subfield>
  </datafield>
  <datafield tag="856" ind1="4" ind2=" ">
    <subfield code="8">1392808</subfield>
    <subfield code="s">252626</subfield>
    <subfield code="u">http://cds.cern.ch/record/2309883/files/201803-075_01.jpg?subformat=icon-640</subfield>
    <subfield code="x">icon-640</subfield>
  </datafield>
  <datafield tag="856" ind1="4" ind2=" ">
    <subfield code="8">1392808</subfield>
    <subfield code="s">33468</subfield>
    <subfield code="u">http://cds.cern.ch/record/2309883/files/201803-075_01.jpg?subformat=icon-180</subfield>
    <subfield code="x">icon-180</subfield>
  </datafield>
  <datafield tag="856" ind1="4" ind2=" ">
    <subfield code="8">1392809</subfield>
    <subfield code="s">250964</subfield>
    <subfield code="u">http://cds.cern.ch/record/2309883/files/201803-075_02.jpg?subformat=icon-640</subfield>
    <subfield code="x">icon-640</subfield>
  </datafield>
  <datafield tag="856" ind1="4" ind2=" ">
    <subfield code="8">1392809</subfield>
    <subfield code="s">35381</subfield>
    <subfield code="u">http://cds.cern.ch/record/2309883/files/201803-075_02.jpg?subformat=icon-180</subfield>
    <subfield code="x">icon-180</subfield>
  </datafield>
  <datafield tag="856" ind1="4" ind2=" ">
    <subfield code="8">1392809</subfield>
    <subfield code="s">937461</subfield>
    <subfield code="u">http://cds.cern.ch/record/2309883/files/201803-075_02.jpg?subformat=icon-1440</subfield>
    <subfield code="x">icon-1440</subfield>
  </datafield>
  <datafield tag="856" ind1="4" ind2=" ">
    <subfield code="8">1392810</subfield>
    <subfield code="s">233852</subfield>
    <subfield code="u">http://cds.cern.ch/record/2309883/files/201803-075_03.jpg?subformat=icon-640</subfield>
    <subfield code="x">icon-640</subfield>
  </datafield>
  <datafield tag="856" ind1="4" ind2=" ">
    <subfield code="8">1392810</subfield>
    <subfield code="s">33081</subfield>
    <subfield code="u">http://cds.cern.ch/record/2309883/files/201803-075_03.jpg?subformat=icon-180</subfield>
    <subfield code="x">icon-180</subfield>
  </datafield>
  <datafield tag="856" ind1="4" ind2=" ">
    <subfield code="8">1392810</subfield>
    <subfield code="s">890268</subfield>
    <subfield code="u">http://cds.cern.ch/record/2309883/files/201803-075_03.jpg?subformat=icon-1440</subfield>
    <subfield code="x">icon-1440</subfield>
  </datafield>
  <datafield tag="856" ind1="4" ind2=" ">
    <subfield code="8">1392811</subfield>
    <subfield code="s">1123000</subfield>
    <subfield code="u">http://cds.cern.ch/record/2309883/files/201803-075_04.jpg?subformat=icon-1440</subfield>
    <subfield code="x">icon-1440</subfield>
  </datafield>
  <datafield tag="856" ind1="4" ind2=" ">
    <subfield code="8">1392811</subfield>
    <subfield code="s">278808</subfield>
    <subfield code="u">http://cds.cern.ch/record/2309883/files/201803-075_04.jpg?subformat=icon-640</subfield>
    <subfield code="x">icon-640</subfield>
  </datafield>
  <datafield tag="856" ind1="4" ind2=" ">
    <subfield code="8">1392811</subfield>
    <subfield code="s">36525</subfield>
    <subfield code="u">http://cds.cern.ch/record/2309883/files/201803-075_04.jpg?subformat=icon-180</subfield>
    <subfield code="x">icon-180</subfield>
  </datafield>
  <datafield tag="856" ind1="4" ind2=" ">
    <subfield code="8">1392812</subfield>
    <subfield code="s">1268485</subfield>
    <subfield code="u">http://cds.cern.ch/record/2309883/files/201803-075_05.jpg?subformat=icon-1440</subfield>
    <subfield code="x">icon-1440</subfield>
  </datafield>
  <datafield tag="856" ind1="4" ind2=" ">
    <subfield code="8">1392812</subfield>
    <subfield code="s">297567</subfield>
    <subfield code="u">http://cds.cern.ch/record/2309883/files/201803-075_05.jpg?subformat=icon-640</subfield>
    <subfield code="x">icon-640</subfield>
  </datafield>
  <datafield tag="856" ind1="4" ind2=" ">
    <subfield code="8">1392812</subfield>
    <subfield code="s">37656</subfield>
    <subfield code="u">http://cds.cern.ch/record/2309883/files/201803-075_05.jpg?subformat=icon-180</subfield>
    <subfield code="x">icon-180</subfield>
  </datafield>
  <datafield tag="856" ind1="4" ind2=" ">
    <subfield code="8">1392813</subfield>
    <subfield code="s">1203977</subfield>
    <subfield code="u">http://cds.cern.ch/record/2309883/files/201803-075_06.jpg?subformat=icon-1440</subfield>
    <subfield code="x">icon-1440</subfield>
  </datafield>
  <datafield tag="856" ind1="4" ind2=" ">
    <subfield code="8">1392813</subfield>
    <subfield code="s">283953</subfield>
    <subfield code="u">http://cds.cern.ch/record/2309883/files/201803-075_06.jpg?subformat=icon-640</subfield>
    <subfield code="x">icon-640</subfield>
  </datafield>
  <datafield tag="856" ind1="4" ind2=" ">
    <subfield code="8">1392813</subfield>
    <subfield code="s">36979</subfield>
    <subfield code="u">http://cds.cern.ch/record/2309883/files/201803-075_06.jpg?subformat=icon-180</subfield>
    <subfield code="x">icon-180</subfield>
  </datafield>
  <datafield tag="859" ind1=" " ind2=" ">
    <subfield code="f">julien.ordan@cern.ch</subfield>
  </datafield>
  <datafield tag="916" ind1=" " ind2=" ">
    <subfield code="s">n</subfield>
    <subfield code="w">201812</subfield>
  </datafield>
  <datafield tag="923" ind1=" " ind2=" ">
    <subfield code="p">CERN</subfield>
    <subfield code="r"> &lt;></subfield>
  </datafield>
  <datafield tag="960" ind1=" " ind2=" ">
    <subfield code="a">86</subfield>
  </datafield>
  <datafield tag="963" ind1=" " ind2=" ">
    <subfield code="a">PUBLIC</subfield>
  </datafield>
  <datafield tag="963" ind1=" " ind2=" ">
    <subfield code="b">VISIBLE</subfield>
  </datafield>
  <datafield tag="980" ind1=" " ind2=" ">
    <subfield code="a">PHOTOLABCERN</subfield>
  </datafield>
</record>
<record>
  <controlfield tag="001">2121303</controlfield>
  <controlfield tag="005">20160115170913.0</controlfield>
  <datafield tag="024" ind1="8" ind2=" ">
    <subfield code="a">oai:cds.cern.ch:2121303</subfield>
    <subfield code="p">cerncds:FULLTEXT</subfield>
  </datafield>
  <datafield tag="037" ind1=" " ind2=" ">
    <subfield code="a">CERN-PHOTO-201601-005</subfield>
  </datafield>
  <datafield tag="100" ind1=" " ind2=" ">
    <subfield code="a">Brice, Maximilien</subfield>
    <subfield code="0">AUTHOR|(CDS)2070299</subfield>
    <subfield code="0">AUTHOR|(SzGeCERN)582709</subfield>
    <subfield code="u">CERN</subfield>
    <subfield code="m">Maximilien.Brice@cern.ch</subfield>
  </datafield>
  <datafield tag="245" ind1=" " ind2=" ">
    <subfield code="a">Alpha Experiment in 2016</subfield>
  </datafield>
  <datafield tag="260" ind1=" " ind2=" ">
    <subfield code="c">2016</subfield>
  </datafield>
  <datafield tag="269" ind1=" " ind2=" ">
    <subfield code="a">Geneva</subfield>
    <subfield code="b">CERN</subfield>
    <subfield code="c">2016-01-14</subfield>
  </datafield>
  <datafield tag="500" ind1=" " ind2=" ">
    <subfield code="a">General Photo</subfield>
  </datafield>
  <datafield tag="506" ind1=" " ind2=" ">
    <subfield code="a">public</subfield>
  </datafield>
  <datafield tag="520" ind1=" " ind2=" ">
    <subfield code="a">Alpha Experiment</subfield>
  </datafield>
  <datafield tag="542" ind1=" " ind2=" ">
    <subfield code="d">CERN</subfield>
    <subfield code="g">2016</subfield>
  </datafield>
  <datafield tag="595" ind1=" " ind2=" ">
    <subfield code="a">CERN EDS</subfield>
    <subfield code="s">PHOTOLAB</subfield>
  </datafield>
  <datafield tag="595" ind1=" " ind2=" ">
    <subfield code="a">Press</subfield>
    <subfield code="s">Press Photos</subfield>
  </datafield>
  <datafield tag="595" ind1=" " ind2=" ">
    <subfield code="a">Press</subfield>
    <subfield code="s">Antimatter</subfield>
  </datafield>
  <datafield tag="650" ind1="1" ind2="7">
    <subfield code="2">SzGeCERN</subfield>
    <subfield code="a">Photolab</subfield>
  </datafield>
  <datafield tag="650" ind1="2" ind2="7">
    <subfield code="2">SzGeCERN</subfield>
    <subfield code="a">Experiments and Tracks</subfield>
  </datafield>
  <datafield tag="653" ind1="1" ind2=" ">
    <subfield code="a">ALPHA</subfield>
    <subfield code="9">CERN</subfield>
  </datafield>
  <datafield tag="653" ind1="1" ind2=" ">
    <subfield code="a">Experiments and Tracks</subfield>
    <subfield code="9">CERN</subfield>
  </datafield>
  <datafield tag="690" ind1="C" ind2=" ">
    <subfield code="a">CERN</subfield>
  </datafield>
  <datafield tag="690" ind1="C" ind2=" ">
    <subfield code="a">PHOTO</subfield>
  </datafield>
  <datafield tag="856" ind1="4" ind2=" ">
    <subfield code="8">1175196</subfield>
    <subfield code="s">22455820</subfield>
    <subfield code="u">http://cds.cern.ch/record/2121303/files/MAX_7727.jpg</subfield>
  </datafield>
  <datafield tag="856" ind1="4" ind2=" ">
    <subfield code="8">1175197</subfield>
    <subfield code="s">24392890</subfield>
    <subfield code="u">http://cds.cern.ch/record/2121303/files/MAX_7742.jpg</subfield>
  </datafield>
  <datafield tag="856" ind1="4" ind2=" ">
    <subfield code="8">1175198</subfield>
    <subfield code="s">17208648</subfield>
    <subfield code="u">http://cds.cern.ch/record/2121303/files/MAX_7747.jpg</subfield>
  </datafield>
  <datafield tag="856" ind1="4" ind2=" ">
    <subfield code="8">1175199</subfield>
    <subfield code="s">12532164</subfield>
    <subfield code="u">http://cds.cern.ch/record/2121303/files/MAX_7750.jpg</subfield>
  </datafield>
  <datafield tag="856" ind1="4" ind2=" ">
    <subfield code="8">1175200</subfield>
    <subfield code="s">20849430</subfield>
    <subfield code="u">http://cds.cern.ch/record/2121303/files/MAX_7755.jpg</subfield>
  </datafield>
  <datafield tag="856" ind1="4" ind2=" ">
    <subfield code="8">1175201</subfield>
    <subfield code="s">18545292</subfield>
    <subfield code="u">http://cds.cern.ch/record/2121303/files/MAX_7773.jpg</subfield>
  </datafield>
  <datafield tag="856" ind1="4" ind2=" ">
    <subfield code="8">1175202</subfield>
    <subfield code="s">19318770</subfield>
    <subfield code="u">http://cds.cern.ch/record/2121303/files/MAX_7776.jpg</subfield>
  </datafield>
  <datafield tag="856" ind1="4" ind2=" ">
    <subfield code="8">1175203</subfield>
    <subfield code="s">21674903</subfield>
    <subfield code="u">http://cds.cern.ch/record/2121303/files/MAX_7777.jpg</subfield>
  </datafield>
  <datafield tag="856" ind1="4" ind2=" ">
    <subfield code="8">1175204</subfield>
    <subfield code="s">21307467</subfield>
    <subfield code="u">http://cds.cern.ch/record/2121303/files/MAX_7802.jpg</subfield>
  </datafield>
  <datafield tag="856" ind1="4" ind2=" ">
    <subfield code="8">1175205</subfield>
    <subfield code="s">23493844</subfield>
    <subfield code="u">http://cds.cern.ch/record/2121303/files/MAX_7832.jpg</subfield>
  </datafield>
  <datafield tag="856" ind1="4" ind2=" ">
    <subfield code="8">1175206</subfield>
    <subfield code="s">23000303</subfield>
    <subfield code="u">http://cds.cern.ch/record/2121303/files/MAX_7841.jpg</subfield>
  </datafield>
  <datafield tag="856" ind1="4" ind2=" ">
    <subfield code="8">1175207</subfield>
    <subfield code="s">18211043</subfield>
    <subfield code="u">http://cds.cern.ch/record/2121303/files/MAX_7858.jpg</subfield>
  </datafield>
  <datafield tag="856" ind1="4" ind2=" ">
    <subfield code="8">1175196</subfield>
    <subfield code="s">236492</subfield>
    <subfield code="u">http://cds.cern.ch/record/2121303/files/MAX_7727.jpg?subformat=icon-640</subfield>
    <subfield code="x">icon-640</subfield>
  </datafield>
  <datafield tag="856" ind1="4" ind2=" ">
    <subfield code="8">1175196</subfield>
    <subfield code="s">62911</subfield>
    <subfield code="u">http://cds.cern.ch/record/2121303/files/MAX_7727.jpg?subformat=icon-180</subfield>
    <subfield code="x">icon-180</subfield>
  </datafield>
  <datafield tag="856" ind1="4" ind2=" ">
    <subfield code="8">1175196</subfield>
    <subfield code="s">860100</subfield>
    <subfield code="u">http://cds.cern.ch/record/2121303/files/MAX_7727.jpg?subformat=icon-1440</subfield>
    <subfield code="x">icon-1440</subfield>
  </datafield>
  <datafield tag="856" ind1="4" ind2=" ">
    <subfield code="8">1175197</subfield>
    <subfield code="s">1581871</subfield>
    <subfield code="u">http://cds.cern.ch/record/2121303/files/MAX_7742.jpg?subformat=icon-1440</subfield>
    <subfield code="x">icon-1440</subfield>
  </datafield>
  <datafield tag="856" ind1="4" ind2=" ">
    <subfield code="8">1175197</subfield>
    <subfield code="s">398933</subfield>
    <subfield code="u">http://cds.cern.ch/record/2121303/files/MAX_7742.jpg?subformat=icon-640</subfield>
    <subfield code="x">icon-640</subfield>
  </datafield>
  <datafield tag="856" ind1="4" ind2=" ">
    <subfield code="8">1175197</subfield>
    <subfield code="s">82971</subfield>
    <subfield code="u">http://cds.cern.ch/record/2121303/files/MAX_7742.jpg?subformat=icon-180</subfield>
    <subfield code="x">icon-180</subfield>
  </datafield>
  <datafield tag="856" ind1="4" ind2=" ">
    <subfield code="8">1175198</subfield>
    <subfield code="s">1358669</subfield>
    <subfield code="u">http://cds.cern.ch/record/2121303/files/MAX_7747.jpg?subformat=icon-1440</subfield>
    <subfield code="x">icon-1440</subfield>
  </datafield>
  <datafield tag="856" ind1="4" ind2=" ">
    <subfield code="8">1175198</subfield>
    <subfield code="s">371134</subfield>
    <subfield code="u">http://cds.cern.ch/record/2121303/files/MAX_7747.jpg?subformat=icon-640</subfield>
    <subfield code="x">icon-640</subfield>
  </datafield>
  <datafield tag="856" ind1="4" ind2=" ">
    <subfield code="8">1175198</subfield>
    <subfield code="s">85117</subfield>
    <subfield code="u">http://cds.cern.ch/record/2121303/files/MAX_7747.jpg?subformat=icon-180</subfield>
    <subfield code="x">icon-180</subfield>
  </datafield>
  <datafield tag="856" ind1="4" ind2=" ">
    <subfield code="8">1175199</subfield>
    <subfield code="s">1714509</subfield>
    <subfield code="u">http://cds.cern.ch/record/2121303/files/MAX_7750.jpg?subformat=icon-1440</subfield>
    <subfield code="x">icon-1440</subfield>
  </datafield>
  <datafield tag="856" ind1="4" ind2=" ">
    <subfield code="8">1175199</subfield>
    <subfield code="s">450355</subfield>
    <subfield code="u">http://cds.cern.ch/record/2121303/files/MAX_7750.jpg?subformat=icon-640</subfield>
    <subfield code="x">icon-640</subfield>
  </datafield>
  <datafield tag="856" ind1="4" ind2=" ">
    <subfield code="8">1175199</subfield>
    <subfield code="s">99117</subfield>
    <subfield code="u">http://cds.cern.ch/record/2121303/files/MAX_7750.jpg?subformat=icon-180</subfield>
    <subfield code="x">icon-180</subfield>
  </datafield>
  <datafield tag="856" ind1="4" ind2=" ">
    <subfield code="8">1175200</subfield>
    <subfield code="s">1565741</subfield>
    <subfield code="u">http://cds.cern.ch/record/2121303/files/MAX_7755.jpg?subformat=icon-1440</subfield>
    <subfield code="x">icon-1440</subfield>
  </datafield>
  <datafield tag="856" ind1="4" ind2=" ">
    <subfield code="8">1175200</subfield>
    <subfield code="s">407640</subfield>
    <subfield code="u">http://cds.cern.ch/record/2121303/files/MAX_7755.jpg?subformat=icon-640</subfield>
    <subfield code="x">icon-640</subfield>
  </datafield>
  <datafield tag="856" ind1="4" ind2=" ">
    <subfield code="8">1175200</subfield>
    <subfield code="s">87870</subfield>
    <subfield code="u">http://cds.cern.ch/record/2121303/files/MAX_7755.jpg?subformat=icon-180</subfield>
    <subfield code="x">icon-180</subfield>
  </datafield>
  <datafield tag="856" ind1="4" ind2=" ">
    <subfield code="8">1175201</subfield>
    <subfield code="s">1213730</subfield>
    <subfield code="u">http://cds.cern.ch/record/2121303/files/MAX_7773.jpg?subformat=icon-1440</subfield>
    <subfield code="x">icon-1440</subfield>
  </datafield>
  <datafield tag="856" ind1="4" ind2=" ">
    <subfield code="8">1175201</subfield>
    <subfield code="s">325583</subfield>
    <subfield code="u">http://cds.cern.ch/record/2121303/files/MAX_7773.jpg?subformat=icon-640</subfield>
    <subfield code="x">icon-640</subfield>
  </datafield>
  <datafield tag="856" ind1="4" ind2=" ">
    <subfield code="8">1175201</subfield>
    <subfield code="s">75468</subfield>
    <subfield code="u">http://cds.cern.ch/record/2121303/files/MAX_7773.jpg?subformat=icon-180</subfield>
    <subfield code="x">icon-180</subfield>
  </datafield>
  <datafield tag="856" ind1="4" ind2=" ">
    <subfield code="8">1175202</subfield>
    <subfield code="s">1286028</subfield>
    <subfield code="u">http://cds.cern.ch/record/2121303/files/MAX_7776.jpg?subformat=icon-1440</subfield>
    <subfield code="x">icon-1440</subfield>
  </datafield>
  <datafield tag="856" ind1="4" ind2=" ">
    <subfield code="8">1175202</subfield>
    <subfield code="s">345643</subfield>
    <subfield code="u">http://cds.cern.ch/record/2121303/files/MAX_7776.jpg?subformat=icon-640</subfield>
    <subfield code="x">icon-640</subfield>
  </datafield>
  <datafield tag="856" ind1="4" ind2=" ">
    <subfield code="8">1175202</subfield>
    <subfield code="s">77889</subfield>
    <subfield code="u">http://cds.cern.ch/record/2121303/files/MAX_7776.jpg?subformat=icon-180</subfield>
    <subfield code="x">icon-180</subfield>
  </datafield>
  <datafield tag="856" ind1="4" ind2=" ">
    <subfield code="8">1175203</subfield>
    <subfield code="s">1316609</subfield>
    <subfield code="u">http://cds.cern.ch/record/2121303/files/MAX_7777.jpg?subformat=icon-1440</subfield>
    <subfield code="x">icon-1440</subfield>
  </datafield>
  <datafield tag="856" ind1="4" ind2=" ">
    <subfield code="8">1175203</subfield>
    <subfield code="s">359044</subfield>
    <subfield code="u">http://cds.cern.ch/record/2121303/files/MAX_7777.jpg?subformat=icon-640</subfield>
    <subfield code="x">icon-640</subfield>
  </datafield>
  <datafield tag="856" ind1="4" ind2=" ">
    <subfield code="8">1175203</subfield>
    <subfield code="s">82538</subfield>
    <subfield code="u">http://cds.cern.ch/record/2121303/files/MAX_7777.jpg?subformat=icon-180</subfield>
    <subfield code="x">icon-180</subfield>
  </datafield>
  <datafield tag="856" ind1="4" ind2=" ">
    <subfield code="8">1175204</subfield>
    <subfield code="s">1388054</subfield>
    <subfield code="u">http://cds.cern.ch/record/2121303/files/MAX_7802.jpg?subformat=icon-1440</subfield>
    <subfield code="x">icon-1440</subfield>
  </datafield>
  <datafield tag="856" ind1="4" ind2=" ">
    <subfield code="8">1175204</subfield>
    <subfield code="s">370752</subfield>
    <subfield code="u">http://cds.cern.ch/record/2121303/files/MAX_7802.jpg?subformat=icon-640</subfield>
    <subfield code="x">icon-640</subfield>
  </datafield>
  <datafield tag="856" ind1="4" ind2=" ">
    <subfield code="8">1175204</subfield>
    <subfield code="s">82669</subfield>
    <subfield code="u">http://cds.cern.ch/record/2121303/files/MAX_7802.jpg?subformat=icon-180</subfield>
    <subfield code="x">icon-180</subfield>
  </datafield>
  <datafield tag="856" ind1="4" ind2=" ">
    <subfield code="8">1175205</subfield>
    <subfield code="s">1497786</subfield>
    <subfield code="u">http://cds.cern.ch/record/2121303/files/MAX_7832.jpg?subformat=icon-1440</subfield>
    <subfield code="x">icon-1440</subfield>
  </datafield>
  <datafield tag="856" ind1="4" ind2=" ">
    <subfield code="8">1175205</subfield>
    <subfield code="s">392163</subfield>
    <subfield code="u">http://cds.cern.ch/record/2121303/files/MAX_7832.jpg?subformat=icon-640</subfield>
    <subfield code="x">icon-640</subfield>
  </datafield>
  <datafield tag="856" ind1="4" ind2=" ">
    <subfield code="8">1175205</subfield>
    <subfield code="s">85723</subfield>
    <subfield code="u">http://cds.cern.ch/record/2121303/files/MAX_7832.jpg?subformat=icon-180</subfield>
    <subfield code="x">icon-180</subfield>
  </datafield>
  <datafield tag="856" ind1="4" ind2=" ">
    <subfield code="8">1175206</subfield>
    <subfield code="s">1466359</subfield>
    <subfield code="u">http://cds.cern.ch/record/2121303/files/MAX_7841.jpg?subformat=icon-1440</subfield>
    <subfield code="x">icon-1440</subfield>
  </datafield>
  <datafield tag="856" ind1="4" ind2=" ">
    <subfield code="8">1175206</subfield>
    <subfield code="s">390623</subfield>
    <subfield code="u">http://cds.cern.ch/record/2121303/files/MAX_7841.jpg?subformat=icon-640</subfield>
    <subfield code="x">icon-640</subfield>
  </datafield>
  <datafield tag="856" ind1="4" ind2=" ">
    <subfield code="8">1175206</subfield>
    <subfield code="s">86759</subfield>
    <subfield code="u">http://cds.cern.ch/record/2121303/files/MAX_7841.jpg?subformat=icon-180</subfield>
    <subfield code="x">icon-180</subfield>
  </datafield>
  <datafield tag="856" ind1="4" ind2=" ">
    <subfield code="8">1175207</subfield>
    <subfield code="s">1284078</subfield>
    <subfield code="u">http://cds.cern.ch/record/2121303/files/MAX_7858.jpg?subformat=icon-1440</subfield>
    <subfield code="x">icon-1440</subfield>
  </datafield>
  <datafield tag="856" ind1="4" ind2=" ">
    <subfield code="8">1175207</subfield>
    <subfield code="s">352291</subfield>
    <subfield code="u">http://cds.cern.ch/record/2121303/files/MAX_7858.jpg?subformat=icon-640</subfield>
    <subfield code="x">icon-640</subfield>
  </datafield>
  <datafield tag="856" ind1="4" ind2=" ">
    <subfield code="8">1175207</subfield>
    <subfield code="s">82093</subfield>
    <subfield code="u">http://cds.cern.ch/record/2121303/files/MAX_7858.jpg?subformat=icon-180</subfield>
    <subfield code="x">icon-180</subfield>
  </datafield>
  <datafield tag="859" ind1=" " ind2=" ">
    <subfield code="f">maximilien.brice@cern.ch</subfield>
  </datafield>
  <datafield tag="859" ind1=" " ind2=" ">
    <subfield code="f">press.office@cern.ch</subfield>
  </datafield>
  <datafield tag="916" ind1=" " ind2=" ">
    <subfield code="s">n</subfield>
    <subfield code="w">201602</subfield>
  </datafield>
  <datafield tag="923" ind1=" " ind2=" ">
    <subfield code="p">CERN</subfield>
    <subfield code="r">press &lt;press.office@cern.ch></subfield>
  </datafield>
  <datafield tag="960" ind1=" " ind2=" ">
    <subfield code="a">86</subfield>
  </datafield>
  <datafield tag="963" ind1=" " ind2=" ">
    <subfield code="a">PUBLIC</subfield>
  </datafield>
  <datafield tag="963" ind1=" " ind2=" ">
    <subfield code="b">VISIBLE</subfield>
  </datafield>
  <datafield tag="980" ind1=" " ind2=" ">
    <subfield code="a">PHOTOLABCERN</subfield>
  </datafield>
</record>

</collection>